00428 2200169 4500001002100000008004100021035002000062245005700082100002100139250000600160260003200166300001200198084001400210082000800224650001400232990001200246INLIS000000000001134 ind  a0010-0524000369 aKamus Lengkap Bahasa IndonesiacDrs. Sucipto Suntoro aSuntoro, Sucipto a1 aSurakarta :bCV. Bringin SS a480 hlm a400 SUC k a400 aReferensi a0744112